000 00568nam a2200169Ia 4500
005 20250508155428.0
008 008 250505s9999 xx 000 0 eng d
037 _aBooks to be hide in OPAC
040 _aFEDL
_beng
_cFEDL
041 _aeng
_2eng
084 _a370.954, IND
_qFEDL
245 0 _aReports of the comittees appointed by the central advisory board of education in India (1938-43)
260 _aNew Delhi, India
_bThe Manager, Government of India Press
_c1944
300 _a120p.
942 _cHB
_h370.954, IND
999 _c1356791
_d1356791